000 00389nam a2200145Ia 4500
999 _c17679
_d17679
082 _aRR 491.7321 WHE-;
100 _aWheeler, Marcus
245 0 _aOxford Russian-English dictionary
260 _aOxford
_bClarendon Press
_c1972
300 _axii,918p.
650 _aEnglish language - Dictionaries
650 _aRussian language - Dictionaries
700 _aUnbegaun, B.O.
942 _cBK